|
|
|
|
| LEADER |
00000nam a2200000 a 4500 |
| 001 |
UCT5589 |
| 003 |
CL-VaPUC |
| 008 |
961216e19960000CL |||||||||||||||||spa|d |
| 082 |
0 |
4 |
|a 657.044
|b BOS
|2 21
|
| 100 |
0 |
|
|a Bosch Bousquet, Julio
|e author
|9 375141
|
| 700 |
0 |
|
|a Vargas Valdivia, Luis
|e author
|9 375142
|
| 245 |
1 |
0 |
|a Contabilidad intermedia
|
| 250 |
|
|
|a 4a. ed
|
| 300 |
|
|
|a 162 p
|
| 942 |
|
|
|c BK
|
| 945 |
|
|
|d 19961216 00:00:00
|a nastorga
|
| 260 |
|
|
|a Santiago
|b SOELCO
|c 1996
|
| 650 |
|
0 |
|a Contabilidad
|9 261430
|
| 650 |
|
7 |
|a ESTADOS FINANCIEROS
|2 CL-VaPUC
|9 375143
|
| 650 |
|
7 |
|a GASTOS
|2 CL-VaPUC
|9 357995
|
| 650 |
|
0 |
|a Impuestos
|9 255450
|
| 650 |
|
0 |
|a Bancos
|9 254963
|
| 650 |
|
7 |
|a CREDITOS
|2 CL-VaPUC
|9 375144
|
| 650 |
|
0 |
|a Patrimonio
|9 257770
|
| 650 |
|
0 |
|a Valores
|9 309628
|
| 650 |
|
7 |
|a SEGUROS
|2 CL-VaPUC
|9 375145
|
| 583 |
|
|
|a last modification
|c 19961216 00:00:00
|k Rodrigo Vera
|
| 999 |
|
|
|c 254488
|d 254486
|
| 952 |
|
|
|0 0
|1 0
|4 0
|6 657_044000000000000_BOS_1996
|7 0
|8 A
|9 276189
|a BIBGIM
|b BIBGIM
|d 2019-11-19
|i 3259900
|o 657.044 BOS 1996
|p 3259900
|r 2025-01-15
|w 2019-11-19
|y BK
|k COM
|